Matrices and mathematical programming : an introduction for economists /

Bibliographic Details
Main Author: Rau, Nicholas
Format: Book
Language:English
Published: London : Macmillan, 1981.
Subjects:

MARC

Tag First Indicator Second Indicator Subfields
LEADER 00000cam a2200000 a 4500
001 in00000071596
005 20151008062311.0
008 810504s1981 enka b 00110 eng d
020 |a 0333277686 
035 |a (OCoLC)07385599 
035 |9 AAJ9936AM 
040 |a JNA  |c JNA  |d TXA  |d UtOrBLW 
049 |a TXAM  |c [1654660] 
090 |a QA402.5  |b .R38 1981a 
100 1 |a Rau, Nicholas. 
245 1 0 |a Matrices and mathematical programming :  |b an introduction for economists /  |c Nicholas Rau. 
264 1 |a London :  |b Macmillan,  |c 1981. 
300 |a xiii, 236 pages :  |b illustrations ;  |c 23 cm. 
336 |a text  |b txt  |2 rdacontent 
337 |a unmediated  |b n  |2 rdamedia 
338 |a volume  |b nc  |2 rdacarrier 
500 |a Includes index. 
504 |a Bibliography: pages 231-232. 
650 0 |a Programming (Mathematics) 
650 0 |a Matrices. 
999 |a MARS 
999 f f |s ecf594d2-fa9a-33e9-bac7-80000e822f83  |i f62af7b5-3b9f-3849-9f86-178b336730c2  |t 0 
952 f f |p ric  |a Texas A&M University  |b Rellis Campus  |c Joint Library Facility  |d Remote Storage  |t 0  |e QA402.5 .R38 1981a  |h Library of Congress classification  |i unmediated -- volume  |m A14806205582 
998 f f |a QA402.5 .R38 1981a  |t 0  |l Remote Storage